Zmena dojednaných pracovných podmienok a prevedenie na inú prácu

Uzavretie pracovnej zmluvy. Dohoda o zmene obsahu pracovnej zmluvy. Dôvody zmeny pracovnej zmluvy bez súhlasu pracovníka: povinné prevedenie na inú prácu, možnosť prevedenia na inú prácu.

Salvato in:
Dettagli Bibliografici
Autore principale: Kováčová, J.
Natura: Capitolo di libro
Lingua:slovacco
Soggetti:
Tags: Aggiungi Tag
Nessun Tag, puoi essere il primo ad aggiungerne!!

MARC

LEADER 00000naa a2200000 4500
001 r018178
005 20221213100229.1
041 0 |a slo 
044 |a SK 
245 1 0 |a Zmena dojednaných pracovných podmienok a prevedenie na inú prácu  |c J. Kováčová 
520 |a Uzavretie pracovnej zmluvy. Dohoda o zmene obsahu pracovnej zmluvy. Dôvody zmeny pracovnej zmluvy bez súhlasu pracovníka: povinné prevedenie na inú prácu, možnosť prevedenia na inú prácu. 
610 2 0 |a zmluvy pracovné 
610 2 0 |a zamestnanci 
610 2 0 |a zákonník práce 
610 2 0 |a zamestnávatelia 
100 1 |a Kováčová, J.